Personnalités arabes et maghrébines connues - Statistiques

Statistiques générales
  • Ce quiz a été pris 133 fois
  • Le résultat moyen est 18 sur 500
Statistiques - réponses
Profession Nationalité Réponse % Correct
Humoriste/Cinéma France/Maroc ♂️ Jamel Debbouze
48%
Influenceur France ♂️ Moha/encoremohaaa
48%
Humoriste Maroc/Canada ♂️ Gad Elmaleh
45%
Football Egypte ♂️ Mostafa Mohamed
35%
Football Espagne/Maroc ♂️ Achraf Hakimi
33%
Musique Algérie ♂️ Khaled
32%
Football France/Algérie ♂️ Zinédine Zidane
32%
Musique Colombie ♀️ Shakira
31%
Football Algérie/France ♂️ Riyad Mahrez
28%
Football France ♂️ Karim Benzema
25%
Cinéma Mexique/USA/Liban ♀️ Salma Hayek
25%
Football Egypte ♂️ Mohamed Salah
23%
Militantisme/Politique Palestine/France ♀️ Rima Hassan
22%
Musique Liban ♀️ Nancy Ajram
20%
Streamer/Vidéaste France/Algérie ♂️ AmineMaTue
18%
Politique Tunisie ♂️ Zine el-Abidine Ben Ali
18%
Hockey sur glace USA ♂️ Brandon Saad
17%
Kick-boxing Maroc/Pays-Bas ♂️ Badr Hari
16%
Football Pays-Bas/Maroc ♂️ Hakim Ziyech
16%
Terrorisme Afghanistan/Apatride ♂️ Oussama ben Laden
16%
Musique France/Algérie ♂️ Soolking
16%
Cinéma X/Influenceuse USA/Liban ♀️ Mia Khalifa
15%
Streamer/Vidéaste France ♂️ Billy/RebeuDeter
14%
Politique Algérie ♂️ Ahmed Ben Bella
13%
Musique France ♂️ N.O.S
13%
Musique Algérie ♂️ Rachid Taha
13%
Musique France ♂️ Ademo
12%
Mannequin USA ♀️ Bella Hadid
12%
Mannequin USA ♀️ Gigi Hadid
12%
Football France/Tunisie ♂️ Hatem Ben Arfa
12%
Football Maroc ♂️ Bono
11%
Musique France/Algérie ♂️ Lacrim
11%
Musique France ♂️ Maes
11%
Humoriste/Cinéma France ♂️ Ramzy Bedia
11%
Musique France ♀️ Amel Bent
10%
Cinéma/Musique France/Maroc ♂️ Arié Elmaleh
10%
Musique Tunisie ♂️ Balti
10%
Streamer France ♂️ Balti/toujoursbalti
10%
Musique/Vidéaste France ♂️ Bilal Hassani
10%
Musique Algérie ♂️ Cheb Mami
10%
Musique France/Algérie ♂️ DJ Snake
10%
Streamer/Vidéaste France ♂️ Inoxtag
10%
Football Algérie ♂️ Islam Slimani
10%
Streamer/Vidéaste/Entrepreneur France ♂️ Kameto/Kamel
10%
Littérature/Journaliste France/Maroc ♀️ Leïla Slimani
10%
Politique France ♀️ Rachida Dati
10%
Politique Irak ♂️ Saddam Hussein
10%
Football France/Algérie ♂️ Samir Nasri
10%
Architecture Irak/Royaume-Uni ♀️ Zaha Hadid
10%
Politique Algérie ♂️ Abdelaziz Bouteflika
9%
Football France/Maroc ♂️ Adil Rami
9%
Musique France ♂️ Ali
9%
Musique France/Maroc ♂️ ElGrandeToto
9%
Musique/Cinéma France ♂️ Faudel
9%
Musique Maroc/USA ♂️ French Montana
9%
Musique France ♂️ La Fouine
9%
Musique France/Maroc ♂️ Lartiste
9%
Monarchie Maroc ♂️ Mohammed V
9%
Football France/Maroc ♂️ Romain Saïss
9%
Football Espagne/Maroc ♂️ Chadi Riad
8%
Humoriste/Cinéma France ♀️ Inès Reg
8%
Musique France/Maroc ♂️ Mister You
8%
Militaire/Politique Libye ♂️ Mouammar Kadhafi
8%
Football Maroc ♂️ Nayef Aguerd
8%
Musique/Cinéma France ♂️ Sofiane Zermani/Fianso
8%
Football Maroc ♂️ Sofyan Amrabat
8%
Musique Syrie ♀️ Assala Nasri
7%
Télévision France ♂️ Cyril Hanouna
7%
Politique France ♂️ Éric Zemmour
7%
Musique Liban ♀️ Fairuz
7%
Politique Egypte ♂️ Gamal Abdel Nasser
7%
Musique Maroc ♀️ Samira Saïd
7%
Football France/Maroc ♂️ Sofiane Boufal
7%
Cinéma Algérie/France ♂️ Tahar Rahim
7%
Islamologue/Prédicateur Suisse ♂️ Tariq Ramadan
7%
Football France/Tunisie ♂️ Wahbi Khazri
7%
Football Tunisie ♂️ Béchir Ben Saïd
6%
Football Espagne/Maroc ♂️ Brahim Díaz
6%
Musique USA ♂️ DJ Khaled
6%
Littérature USA ♂️ Edward Saïd
6%
Politique Tunisie ♂️ Habib Bourguiba
6%
Monarchie Maroc ♂️ Hassan II
6%
Musique France ♀️ Imen Es
6%
Cinéma France/Algérie ♂️ Kad Merad
6%
Football France ♀️ Kenza Dali
6%
Cinéma France/Algérie ♀️ Leïla Bekhti
6%
Téléréalité France ♀️ Maeva Ghennam
6%
Terrorisme France/Algérie ♂️ Mohammed Merah
6%
Monarchie Maroc ♂️ Mohammed VI
6%
Musique Espagne/Maroc ♂️ Morad
6%
Musique France ♂️ Naps
6%
Musique France ♂️ Niro
6%
Football Pays-Bas/Maroc ♂️ Noussair Mazraoui
6%
Musique France ♂️ RK
6%
Football France ♀️ Selma Bacha
6%
Musique Egypte ♀️ Sherine Abdel Wahhab
6%
Politique Egypte ♂️ Abdel Fattah al-Sissi
5%
Politique Algérie ♂️ Abdelmadjid Tebboune
5%
Télévision France ♂️ Arthur
5%
Football Maroc ♂️ Azzedine Ounahi
5%
Politique Syrie ♂️ Bachar el-Assad
5%
Influenceur France/Tunisie ♂️ Bassem
5%
Cinéma/Humoriste France/Maroc ♂️ Booder
5%
Football Algérie ♂️ Rabah Madjer
5%
Cinéma/Humoriste France ♂️ Élie Semoun
5%
Musique Liban ♀️ Elissa
5%
Vidéaste/Streamer France ♂️ Flamby
5%
Musique Belgique ♂️ Hamza
5%
Photographe/Mode France ♂️ Hedi Slimane
5%
Politique Egypte ♂️ Hosni Moubarak
5%
Monarchie Jordanie ♂️ Hussein
5%
Football Algérie/Maroc/France ♂️ Ismaël Bennacer
5%
Politique Tunisie ♂️ Kaïs Saïed
5%
Musique France/Algérie ♂️ L'Algérino
5%
Téléréalité France ♀️ Léana
5%
Cinéma/Humoriste France ♂️ Malik Bentalha
5%
Musique France/Maroc ♀️ Marwa Loud
5%
Football Maroc/France ♂️ Mehdi Benatia
5%
Humoriste/cinéma France ♂️ Melha Bedia
5%
Musique Royaume-Uni/USA ♂️ Mika
5%
Cinéma/Musique Egypte ♂️ Mohamed Ramadan
5%
Monarchie/Politique Arabie Saoudite ♂️ Mohammed ben Salmane
5%
Football France/Algérie ♂️ Nabil Fekir
5%
Téléréalité/Influenceuse/Mode France/Suisse ♀️ Nabilla Benattia
5%
Télévision/Radio France ♂️ Nagui
5%
Musique France ♀️ Nej'
5%
Cinéma Egypte ♂️ Omar Sharif
5%
Musique Egypte ♀️ Oum Kalthoum
5%
Cinéma/Humoriste Canada ♂️ Rachid Badouri
5%
Football Algérie ♂️ Ramy Bensebaïni
5%
Football France/Algérie ♂️ Rayan Cherki
5%
Humoriste France/Algérie ♂️ Redouane Bougheraba
5%
Chef d'entreprise/Milliardaire France/Liban ♂️ Rodolphe Saadé
5%
Cinéma France/Maroc ♂️ Roschdy Zem
5%
Musique Maroc ♂️ Saad Lamjarred
5%
Musique France ♂️ Sadek
5%
Cinéma France/Algérie ♂️ Samy Naceri
5%
Téléréalité France ♀️ Sarah Fraisou
5%
Football Maroc ♂️ Yahia Attiat-Allah
5%
Football Algérie ♂️ Youcef Belaïli
5%
Football Maroc ♂️ Youssef En-Nesyri
5%
Musique Algérie/Canada ♀️ Zaho
5%
Musique France ♂️ ZKR
5%
Littérature/Journalisme France ♂️ Albert Camus
4%
Musique Egypte ♂️ Amr Diab
4%
Football Maroc ♂️ Aziz Bouderbala
4%
Musique/Cinéma France ♀️ Camélia Jordana
4%
Musique Algérie ♂️ Cheb Hasni
4%
Musique France ♂️ Dinaz
4%
Musique Belgique/Maroc ♂️ Dystinct
4%
Football France/Maroc ♂️ Eliesse Ben Seghir
4%
Politique Algérie ♂️ Houari Boumédiène
4%
Football Algérie/France ♂️ Houssem Aouar
4%
Football Espagne/Maroc ♂️ Ilias Akhomach
4%
Politique Palestine ♂️ Mahmoud Abbas
4%
Football Emirats arabes unis ♂️ Mohamed Ahmed
4%
Cinéma USA/Egypte ♂️ Rami Malek
4%
Musique France/Algérie ♂️ Rim'K
4%
Cinéma France/Maroc/USA ♂️ Saïd Taghmaoui
4%
Terrorisme France ♂️ Salah Abdeslam
4%
Cinéma/Humoriste France ♂️ Smaïn
4%
Musique France ♂️ Soso Maness
4%
Musique France ♂️ Tunisiano
4%
Journaliste/Télévision France ♀️ Valérie Bénaïm
4%
Musique/Cinéma Egypte ♂️ Abdel Halim Hafez
3%
Cinéma France/Tunisie ♂️ Abdellatif Kechiche
3%
Football Maroc ♂️ Achraf Dari
3%
Football Egypte ♂️ Ali Gabr
3%
Football France/USA/Maroc ♂️ Amir Richardson
3%
Téléréalité/Télévision France ♀️ Ayem Nour
3%
Football Algérie ♂️ Baghdad Bounedjah
3%
Politique Egypte ♂️ Boutros Boutros-Ghali
3%
Vidéaste/Streameuse/Influenceuse France ♀️ Camélia/Cameliaa92
3%
Terrorisme France ♂️ Chérif Kouachi
3%
Musique France ♂️ Djadja
3%
Musique Liban ♀️ Haifa Wehbe
3%
Politique/Télévision France/Egypte ♂️ Jean Messiha
3%
Musique France ♀️ Lynda
3%
Football France/Maroc ♂️ Mattéo Guendouzi
3%
Musique France/Maroc ♂️ Moha K
3%
Politique Tunisie ♂️ Moncef Marzouki
3%
Télévision France/Algérie ♂️ Mouloud Achour
3%
Téléréalité/Télévision France ♂️ Moundir
3%
Politique France/Maroc ♀️ Najat Vallaud-Belkacem
3%
Humoriste/Cinéma France ♀️ Nawell Madani
3%
Entrepreneur Liban/France ♂️ Oussama Ammar
3%
Vidéaste/Streameuse Maroc/Canada ♀️ Pokimane
3%
Journaliste France/Algérie ♂️ Rachid Arhab
3%
Football Algérie/France ♂️ Raïs M'Bolhi
3%
Musique Maroc ♂️ RedOne
3%
Football Algérie/France ♂️ Saïd Benrahma
3%
Terrorisme France ♂️ Saïd Kouachi
3%
Football France/Maroc ♀️ Sakina Karchaoui
3%
Musique France/Maroc ♀️ Sofia Essaïdi
3%
Vidéaste France/Algérie ♀️ TheDollBeauty/Maroua
3%
Pharaon Egypte ♂️ Toutânkhamon
3%
Musique France/Algérie ♂️ YL
3%
Football Algérie ♂️ Youcef Atal
3%
Football Tunisie ♂️ Youssef Msakni
3%
Musique Maroc ♂️ Zamdane
3%
Football Egypte ♂️ Ahmed Sayed/Zizo
2%
Journaliste France/Maroc ♂️ Ali Baddou
2%
Football Maroc ♂️ Amine Adli
2%
Football Algérie/France ♂️ Amine Gouiri
2%
Football France/Maroc ♂️ Amine Harit
2%
Littérature France/Liban ♂️ Amin Maalouf
2%
Cinéma/Humoriste France ♂️ Ary Abittan
2%
Cinéma/Danse/Musique Algérie ♀️ Biyouna
2%
Littérature Algérie ♂️ Boualem Sansal
2%
Entrepreneur/Chef d'entreprise Liban/Brésil/France ♂️ Carlos Ghosn
2%
Musique France ♀️ Chimène Badi
2%
Cinéma/Humoriste France ♂️ Dany Boon
2%
Entrepreneur/Cinéma Egypte ♂️ Dodi Al-Fayed
2%
Humoriste/Cinéma France/Tunisie ♂️ Élie Kakou
2%
Football France/Tunisie ♂️ Ellyes Skhiri
2%
Imam France/Tunisie ♂️ Hassen Chalghoumi
2%
Musique France/Algérie ♂️ Heuss l'Enfoiré
2%
Musique France ♂️ Hornet La Frappe
2%
Historien/Economiste Tunisie ♂️ Ibn Khaldoun
2%
Musique France/Liban ♂️ Ibrahim Maalouf
2%
Musique Algérie ♂️ Idir
2%
Musique France ♀️ Indila
2%
Vidéaste/Cinéma France/Algérie ♂️ Jhon Rachid
2%
Humoriste/Cinéma France ♂️ Kev Adams
2%
Musique France ♂️ Kofs
2%
Politique France ♀️ Leïla Chaibi
2%
Streamer/Vidéaste Canada ♂️ Mahdi Ba
2%
Cinéma/Humoriste France/Tunisie ♂️ Michel Boujenah
2%
Musique France/Algérie ♂️ Moha La Squale
2%
Football Espagne/Maroc ♂️ Munir El Kajoui/Munir
2%
Musique Liban ♀️ Najwa Karam
2%
Reine Egypte ♀️ Néfertiti
2%
Musique/Vidéaste France ♂️ Prime
2%
Pharaon Egypte ♂️ Ramsès II
2%
Football Algérie/France ♂️ Rayan Aït-Nouri
2%
Politique Iran ♂️ Rouhollah Khomeini
2%
Cinéma France ♀️ Sabrina Ouazani
2%
Football Maroc ♂️ Soufiane Rahimi
2%
Littérature/Artiste France/Maroc ♂️ Tahar Ben Jelloun
2%
Cinéma Tunisie ♂️ Tarak Ben Ammar
2%
Streamer/Vidéaste/Twitter France ♂️ YassEncore
2%
Mannequin/Cinéma France/Algérie ♀️ Zahia Dehar
2%
Monarchie Jordanie ♂️ Abdallah II
1%
Football France/Algérie/Tunisie ♂️ Aïssa Laïdouni
1%
Pharaon Egypte ♂️ Akhenaton
1%
Athlétisme France ♂️ Alain Mimoun
1%
Cinéma France ♀️ Amelle Chahbi
1%
Politique Egypte ♂️ Anouar el-Sadate
1%
Musique Maroc ♂️ Aymane Serhani
1%
Football Tunisie ♂️ Aymen Abdennour
1%
Football Maroc ♂️ Ayoub El Kaabi
1%
Journaliste France/Algérie ♂️ Azzeddine Ahmed-Chaouch
1%
Mode France/Tunisie ♂️ Azzedine Alaïa
1%
Politique Tunisie ♂️ Béji Caïd Essebsi
1%
Streamer France ♂️ Bichou
1%
Musique France ♂️ Bigflo
1%
Football Maroc ♂️ Bilal El Khannouss
1%
Football France ♂️ Bilal Nadir
1%
Musique Algérie ♂️ Bouteldja Belkacem
1%
Vidéaste France ♀️ Chocoh/Chocolatandvanillah
1%
Reine Egypte ♀️ Cléopâtre VII
1%
Musique France/Maroc ♂️ DJ Hamida
1%
Vidéaste/Streamer France ♂️ Doigby
1%
Téléréalité France ♂️ Eddy
1%
Politique France/Algérie ♀️ Fadela Amara
1%
Football Egypte ♂️ Gabaski
1%
Politique France ♂️ Gérald Darmanin
1%
Cinéma France/Algérie ♂️ Gérard Darmon
1%
Cinéma France ♂️ Hafid F. Benamar
1%
Cinéma/Humoriste France/Tunisie ♂️ Hakim Jemili
1%
Football Tunisie ♂️ Hamza Mathlouthi
1%
Football Tunisie/France ♂️ Hamza Rafia
1%
Musique France ♂️ Hayce Lemsi
1%
Musique Maroc/Egypte ♀️ Jannat
1%
Criminel France/Maroc ♂️ Jawad Bendaoud
1%
Cinéma France/Espagne ♂️ Jean Reno
1%
Streamer France ♂️ JL Tomy
1%
Musique Algérie ♂️ Kader Japonais
1%
Football Algérie/France ♂️ Karim Ziani
1%
Influenceur/Vidéaste France ♂️ KmS
1%
Football Maroc ♂️ Larbi Benbarek
1%
Musique France ♂️ Larry
1%
Musique Tunisie ♀️ Latifa
1%
Musique France ♂️ Laylow
1%
Journaliste France/Liban ♀️ Léa Salamé
1%
Journaliste/Radio France ♀️ Leïla Kaddour-Boudadi
1%
Musique France ♂️ Marcel Mouloudji
1%
Musique France ♂️ Médine
1%
Cinéma/Humoriste France ♂️ Michaël Youn
1%
Entrepreneur/Homme d'affaires Egypte ♂️ Mohamed Al-Fayed
1%
Chef cuisinier France ♂️ Mohamed Cheikh
1%
Football Egypte ♂️ Mohamed Elneny
1%
Vidéaste France/Algérie ♂️ Mohamed Henni
1%
Politique Iran ♂️ Mohammad Reza Pahlavi
1%
Musique Egypte ♂️ Mohammed Abdel Wahab
1%
Football France/Tunisie ♂️ Montassar Talbi
1%
Football Egypte ♂️ Mostafa Fathi
1%
Politique France/Maroc ♀️ Myriam El Khomri
1%
Musique Liban ♀️ Myriam Fares
1%
Football France/Algérie ♂️ Nabil Bentaleb
1%
Musique France ♂️ Oli
1%
Football Egypte ♂️ Omar Marmoush
1%
Football Pays-Bas/Maroc ♂️ Oussama El Azzouzi
1%
Musique USA/Syrie/Canada ♀️ Paula Abdul
1%
Football Algérie/Pays-Bas ♂️ Ramiz Zerrouki
1%
Monarchie Jordanie ♀️ Rania al-Yassin
1%
Musique France ♂️ Rilès
1%
Musique Palestine ♂️ Saint Levant
1%
Football Tunisie ♂️ Seifeddine Jaziri
1%
Vidéaste France ♀️ Shera Kerienski
1%
Musique France ♂️ Sinik
1%
Football Algérie/France ♂️ Sofiane Feghouli
1%
Journaliste France/Tunisie ♀️ Sonia Mabrouk
1%
Musique France ♂️ Souf
1%
Entreprenariat/Invention USA ♂️ Steve Jobs
1%
Football Egypte ♂️ Trézéguet
1%
Musique Liban ♂️ Wael Jassar
1%
Cinéma/Musique Liban ♂️ Wael Kfoury
1%
Humoriste France/Algérie ♂️ Wahid Bouzidi
1%
Freestyler de football/Vidéaste France/Algérie ♂️ Wass Freestyle
1%
Musique France/Israël ♂️ Yael Naim
1%
Activisme/Politique Palestine ♂️ Yasser Arafat
1%
Cinéma France/Algérie ♂️ Zinedine Soualem
1%
Musique Maroc ♂️ Zouhair Bahaoui
1%
Catch USA ♂️ Aaron Steven Haddad
0%
Football Maroc ♂️ Abdel Abqar
0%
Football Algérie ♂️ Abdelhafid Tasfaout
0%
Football France/Algérie ♂️ Abderrahmane Ibrir
0%
Football Arabie Saoudite ♂️ Abdulrahman Ghareeb
0%
Médecine Cordoue ♂️ Abu Al-Qasim
0%
Musique Egypte ♂️ Afroto
0%
Football Egypte ♂️ Ahmed El-Shenawy
0%
Football Egypte ♂️ Ahmed Hassan Mahgoub
0%
Football Egypte ♂️ Ahmed Hegazy
0%
Football Algérie/France ♂️ Aïssa Mandi
0%
Musique France/Suisse ♂️ Alain Souchon
0%
Littérature France/Liban ♂️ Alexandre Najjar
0%
Football Tunisie ♂️ Ali Abdi
0%
Football France/Algérie ♂️ Ali Benouna
0%
Boxe France ♂️ Ali Hallab
0%
Musique France ♂️ Alkpote
0%
Musique Syrie ♂️ Al Shami
0%
Cinéma/Musique Liban ♀️ Amal Hijazi
0%
Streamer France ♂️ Amaru/Elias
0%
Influenceur France ♂️ Amine Mojito
0%
Littérature Liban/Egypte/France ♀️ Andrée Chedid
0%
Blogueur France ♂️ Aqababe
0%
Cinéma/Musique/Journaliste France ♂️ Ariel Wizman
0%
Politique France ♂️ Arnaud Montebourg
0%
Politique France ♂️ Arnaud Robinet
0%
Football France/Algérie ♂️ Aymen Boutoutaou
0%
Politique France ♂️ Bernard Guetta
0%
Télévision/Radio France ♂️ Bernard Montiel
0%
Politique France ♂️ Bertrand Delanoë
0%
Football Algérie ♂️ Billel Dziri
0%
Pilote automobile USA ♂️ Bobby Rahal
0%
Cinéma France ♂️ Brahim Bouhlel
0%
Football France ♂️ Camel Meriem
0%
Cinéma/Humoriste/Musique France ♀️ Camille Lellouche
0%
Musique/Cinéma Algérie ♀️ Chaba Fadela
0%
Politique Algérie ♂️ Chadli Bendjedid
0%
Football France/Tunisie/Algérie ♂️ Chaïm El Djebali
0%
Musique Algérie ♀️ Cheba Zahouania
0%
Musique Algérie ♂️ Cheb Hamid
0%
Musique Algérie ♂️ Cheb Nasro
0%
Musique Algérie ♂️ Cheb Sahraoui
0%
Musique Algérie ♂️ Cheb Tahar
0%
Linguiste France ♂️ Claude Hagège
0%
Humoriste France ♂️ Comte de Bouderbala
0%
Cinéma France ♂️ Daniel Auteuil
0%
Musique/Cinéma France ♂️ Dany Brillant
0%
Musique France ♂️ David Guetta
0%
Musique USA ♂️ Dick Dale
0%
Musique France ♂️ Louis Chedid
0%
Musique France ♂️ Matthieu Chedid
0%
Football France/Algérie ♂️ Youcef Touati
0%
Musique France/Maroc ♂️ DJ Abdel
0%
Football Algérie ♂️ Djamel Menad
0%
Militantisme Algérie ♀️ Djamila Bouhired
0%
Musique France/Algérie ♂️ DJ Kayz
0%
Politique Iran ♂️ Ebrahim Raïssi
0%
Pilote automobile Emirats/Royaume-Uni ♂️ Ed Jones
0%
Football Tunisie/France ♂️ Elias Achouri
0%
Football Egypte ♂️ Emam Ashour
0%
Cinéma Canada ♀️ Emmanuelle Chriqui
0%
Musique France ♀️ Eva Queen
0%
Politique France ♀️ Fadila Khattabi
0%
Politique France ♀️ Farida Amrani
0%
Musique Allemagne ♂️ Farid Bang
0%
Cinéma France/Algérie ♂️ Fatsah Bouyahmed
0%
Cinéma Tunisie ♂️ Férid Boughedir
0%
Activiste France ♂️ Féris Barkat
0%
Littérature USA ♂️ Geoff Johns
0%
Littérature Liban ♂️ Georges Schehadé
0%
Pilote automobile USA ♂️ Graham Rahal
0%
Politique Syrie ♂️ Hafez el-Assad
0%
Journaliste USA ♀️ Hala Gorani
0%
Reine/Pharaon Egypte ♀️ Hatchepsout
0%
Football Tunisie ♂️ Haythem Jouini
0%
Football Algérie ♂️ Hillal Soudani
0%
Football France/Algérie ♂️ Himad Abdelli
0%
Musique Algérie ♂️ Houari Benchenet
0%
Football Palestine/Emirats/Suède ♂️ Imad Khalili
0%
Football Emirats arabes unis ♂️ Ismaïl Al Hammadi
0%
Téléréalité France ♂️ Jaja
0%
Journaliste Arabie Saoudite ♂️ Jamal Khashoggi
0%
Football France/Algérie ♂️ Jaouen Hadjam
0%
Téléréalité France ♀️ Jazz
0%
Musique Belgique ♂️ JeanJass
0%
Cinéma USA ♀️ Jenna Dewan
0%
Téléréalité France ♀️ Kamila
0%
Cinéma USA ♀️ Kathy Najimy
0%
Musique France ♀️ Kayna Samet
0%
Musique France ♂️ Kekra
0%
Musique USA ♂️ Kevin Gates
0%
Football Emirats arabes unis ♂️ Khalid Eisa
0%
Athlétisme USA/Maroc ♀️ Khalid Khannouchi
0%
Humoriste/Cinéma France/Iran ♂️ Kheiron
0%
Humoriste/Cinéma France ♂️ Kyan Khojandi
0%
Musique Maroc ♀️ Laila Ghofran
0%
Football Algérie ♂️ Lakhdar Belloumi
0%
Juriste/Militantisme France ♀️ Lilia Bouziane
0%
Blogueuse/Journaliste/Militantisme Tunisie ♀️ Lina Ben Mhenni
0%
Musique/Militantisme Liban ♀️ Lydia Canaan
0%
Football Egypte ♂️ Mahmoud Kahraba
0%
Téléréalité France ♀️ Maissane
0%
Essayiste/Politique France/Algérie ♀️ Malika Sorel
0%
Musique Egypte ♂️ Marwan Pablo
0%
Mode France/Tunisie ♂️ Max Azria
0%
Football France ♂️ Maxence Caqueret
0%
Football Maroc ♂️ Mehdi Benabid
0%
Cinéma France ♂️ Mehdi Charef
0%
Journaliste France ♂️ Mehdi Meklat
0%
Militaire/Politique Empire ottoman ♂️ Méhémet Ali
0%
Musique Algérie ♂️ Messaoud Bellemou
0%
Journaliste France/Algérie ♂️ Messaoud Benterki
0%
Cinéma USA/Syrie ♂️ Michael Ansara
0%
Football Egypte ♂️ Mohamed Abdelmonem
0%
Football Tunisie ♂️ Mohamed Ali Ben Romdhane
0%
Football France ♂️ Mohamed El Arouch
0%
Football Egypte ♂️ Mohamed El-Shenawy
0%
Football Algérie ♂️ Mohamed Tougaï
0%
Pilote automobile Emirats arabes unis ♂️ Mohammed Ben Sulayem
0%
Littérature USA ♀️ Mona Simpson
0%
Football Tunisie ♂️ Mootez Zaddem
0%
Politique France/Maroc ♂️ Mounir Mahjoubi
0%
Cinéma USA/Syrie ♂️ Moustapha Akkad
0%
Football Algérie ♂️ Moustapha Zeghba
0%
Football Tunisie/France ♂️ Nader Ghandri
0%
Humoriste/Cinéma France ♀️ Nadia Roz
0%
Historienne France ♀️ Naïma Huber-Yahi
0%
Football Arabie Saoudite ♂️ Nawaf Al-Aqidi
0%
Musique Liban ♀️ Nawal Al Zoghbi
0%
Journaliste France ♀️ Neïla Latrous
0%
Musique France ♂️ Némir
0%
Monarchie Jordanie ♀️ Noor de Jordanie
0%
Cinéma/Humoriste France ♀️ Nora Hamzawi
0%
Téléréalité France ♂️ Noré
0%
Football Tunisie ♂️ Oussama Haddadi
0%
Cinéma/Humoriste France ♂️ Patrick Timsit
0%
Musique USA/Canada ♂️ Paul Anka
0%
Musique France ♂️ Richard Anthony
0%
Homme d'affaires Maroc ♂️ Richard Attias
0%
Musique France ♂️ Ridsa
0%
Reine de beauté USA/Liban ♀️ Rima Fakih
0%
Cinéma France ♂️ Robert Hossein
0%
Cinéma France ♂️ Roland Giraud
0%
Basket-ball USA/Liban ♂️ Rony Seikaly
0%
Politique Allemagne ♂️ Rudolf Hess
0%
Journaliste France ♂️ Salhia Brakhlia
0%
Cinéma France ♂️ Sami Outalbali
0%
Football France ♂️ Samuel Gigot
0%
Football Algérie/France/Tunisie ♂️ Saphir Taïder
0%
Athlétisme USA/Arabie Saoudite ♀️ Sarah Attar
0%
Cinéma USA ♀️ Shannon Elizabeth
0%
Musique France ♂️ Sneazzy
0%
Vidéaste France ♀️ So Kahina
0%
Musique France ♂️ Sopico
0%
Streamer/Vidéaste France ♂️ Superconeri
0%
Musique Algérie ♀️ Takfarinas
0%
Musique Egypte ♂️ Tamer Ashour
0%
Cinéma USA ♀️ Teri Hatcher
0%
Musique Belgique ♂️ TiiwTiiw
0%
Cinéma USA ♂️ Tony Shalhoub
0%
Littérature France ♀️ Vénus Khoury-Ghata
0%
Cinéma/Humoriste USA ♂️ Vince Vaughn
0%
Football Arabie Saoudite ♂️ Waleed Abdullah
0%
Musique Egypte ♂️ Wegz
0%
Cinéma France ♂️ William Lebghil
0%
Humoriste France ♂️ Yacine Belhousse
0%
Cinéma USA ♀️ Yasmine Bleeth
0%
Humoriste France ♂️ Yassine Belattar
0%
Football Algérie/France ♂️ Yassine Benzia
0%
Cinéma France ♂️ Younès Boucif
0%
Cinéma Egypte ♂️ Youssef Chahine
0%
Cinéma France ♂️ Youssef Hajdi
0%
Football Espagne ♂️ Yusi
0%
Streamer/Vidéaste France ♂️ Zack Nani
0%
Photographe USA ♀️ Zaida Ben-Yusuf
0%
Aucun quiz correspondant
Distribution des résultats
% des personnes avec chaque résultat
Percentile par nombre de réponses
Votre historique - résultats
Vous n’avez pas pris ce quiz